000 00611cam a22002054a 4500
001 sa 65005534
003 DLC
005 20260227112138.0
008 890629s1964 ii a b 000 0dpano
010 _asa 65005534
035 _a(OCoLC)19950560
040 _aDLC
_cDLC
050 0 0 _aPK2651
_b.P37 1964
245 0 0 _aPañjābī likhārī kosha /
_csampādaka, Jogindara Siṅgha Ramadewa.
260 _aJalandhara :
_bNiū Bukka Kampanī,
_c1964.
300 _a336 p. :
_bill. ;
_c21 cm.
546 _aIn Panjabi.
650 0 _aAuthors, Panjabi
_vBio-bibliography.
700 1 _aRamdev, Jaginder Singh,
_d1930-
999 _c64385
_d64385